| 000 | 00863mam a2200265 4500 | ||
|---|---|---|---|
| 001 | 45565 | ||
| 003 | BD-RjUL | ||
| 005 | 20211209054032.0 | ||
| 008 | 160727s1959 dcu 000 0 eng u | ||
| 035 | _a(OCoLC)ocm00929210 | ||
| 035 | _a(BD-RjUL)45683 | ||
| 040 |
_cMDY _dUKM _aBD-RjUL _beng |
||
| 041 | _aeng | ||
| 082 | 0 | 4 |
_a382.0952 _218 _bSAJ 1959 |
| 100 | 1 |
_aSapir, Michael, _d1913- _9139484 |
|
| 245 | 1 | 0 |
_aJapan, China and the West / _cMichael Sapir |
| 260 |
_a[Washington] : _bNational Planning Association, _c[1959] |
||
| 300 |
_axi, 79 p. : _bill. ; _c23 cm. |
||
| 490 | 1 | _aThe economics of competitive co-existence. | |
| 504 | _aBibliographical references included in "Notes" (p. 72-76) | ||
| 651 | 0 |
_aJapan _xCommercial policy. _9139485 |
|
| 830 | 0 |
_aEconomics of competitive coexistence. _9139479 |
|
| 942 |
_2ddc _cBK |
||
| 999 |
_c45565 _d45565 |
||